000 00650nam a22002057a 4500
999 _c9542
_d9542
003 AR-CdUCM
008 190328b ||||| |||| 00| 0 spa d
040 _aMUNICIPALIDAD PROVINCIAL DEL CUSCO
_cBIBLIOTECA MUNICIPAL DEL CUSCO
082 _aC / 985.61 /
_bN37
100 _aNeira, Hugo
_925815
245 _aCuzco :
_btierra y muerte /
260 _aLima :
_bPopulibros Peruanos,
_c1964.
300 _a121 páginas ;
_c17 cm.
505 _aLos primeros pasos -- Corresponsal de guerra -- El sur, antes y después...
650 _aCusco.
_9772
650 _aRevolución.
_9844
650 _aCampesinos.
_94401
942 _2ddc
_cLIBROS
945 _awfj